000 01556cam a2200397 i 4500
001 65651
003 Mx-PuUPA
005 20250320115925.0
008 160627s2019 sp dr 000 fdspa d
020 _a9788498382327
040 _cMx-PuUPA
_aMx-PuUPA
_bspa
_dMx-PuUPA
_erda
041 1 _aspa
_heng
043 _aa-af---
100 1 _aHosseini, Khaled,
_d1965-
_eautor
_92973
240 1 0 _aA thousand splendid suns.
_lEspañol
245 1 0 _aMil soles espléndidos /
_cKhaled Hosseini ; traducción, Gema Moral Bartolomé
250 _aVigesimoctava edición
264 1 _aBarcelona :
_bSalamandra,
_c2019
300 _a412 páginas ;
_c21 cm.
336 _atexto
_2rdacontent
_btxt
337 _asin medio
_2rdamedia
_bn
338 _avolumen
_2rdacarrier
_bnc
490 0 _aSalamandra Bolsillo ;
_v76
650 7 _2armarc
_aFamilias
_vNovela
650 7 _2armarc
_aNovela doméstica
650 7 _2armarc
_aRelaciones intergeneracionales
_vNovela
650 7 _2armarc
_aPérdida (Psicología)
_vNovela
650 7 _2armarc
_aMujeres
_zAfganistan
_vNovela
651 4 _aAfganistán
_vNovela
700 1 _aMoral Bartolomé, Gema,
_etraductor
765 0 _aHosseini, Khaled, 1965-
_tA thousand splendid suns
_d[Lugar de publicación no identificado] : ATSS Publications, 2007
775 0 _aHosseini, Khaled, 1965-
_tMil soles espléndidos
_b12a. edición
_dBarcelona : Publicaciones y Ediciones Salamandra, 2011
_w(Mx-PuUPA) 31446
_z9788498382327
942 _2ddc
_cLI
_h813.6
_iH8218
999 _c65651
_d65651